00779cam a22002537a 4500003000500000005001700005008004100022010001000063011001000073020001500083035001000098040000900108082002100117110000800138245011100146260002400257300001100281490007900292650002700371700001700398700001500415700001600430830007900446CHAP20220817043542.0990614d1995 it rn 00110 fre d a78271 a79243 a925203417X a89413 cCHAP04a338.9bF44f v.312 aFAO13aLa politique des prix agricoles :ble gouvernement et le marchéc/par J. Harrigan, R. Loader, C. Thirtle aRome :bFAO,c1995. a276 p. 0aFAO. Materiales de capacitación para la planificación agrícolav; 3114aPolítica de precios.0 aHarrigan, J.0 aLoader, R.0 aThirtle, C. 0aFAO. Materiales de capacitación para la planificación agrícolav; 31